[Event "SVK-ch U14 Girls"]
[Site "Liptovsky Mikulas"]
[Date "2005.04.11"]
[Round "1"]
[White "Kantor, Reka"]
[Black "Kovariova, Eva"]
[Result "0-1"]
[WhiteElo "1477"]
[BlackElo "1350"]
[PlyCount "124"]
[EventDate "2005.04.11"]
[EventType "swiss"]
[EventRounds "7"]
[EventCountry "SVK"]
[SourceTitle "EXT 2008"]
[Source "ChessBase"]
[SourceDate "2007.11.25"]
[SourceVersion "1"]
[SourceVersionDate "2007.11.25"]
[SourceQuality "1"]

1. g3 e5 2. c4 Nf6 3. Bg2 Nc6 4. Nc3 Bc5 5. Nf3 0-0 6. d3 d6 7. 0-0 h6 8. Bd2 Bg4 9. a3 a5 10. Na2 d5 11. cxd5 Nxd5 12. Nc3 Re8 13. Rc1 Nxc3 14. Bxc3 Bd6 15. Qb3 Qd7 16. Rfe1 a4 17. Qc2 Na5 18. Bxa5 Rxa5 19. Qd2 Rc5 20. Rxc5 Bxc5 21. Qc2 Bb6 22. Qc4 Ba7 23. Rc1 Bb8 24. Qc5 Qd6 25. Qxd6 cxd6 26. e3 Rc8 27. Rxc8+ Bxc8 28. Kf1 Kf8 29. Ke2 b6 30. Nd2 Bd7 31. Nb1 Ke7 32. Nc3 Kd8 33. Bd5 f6 34. Bc4 Kc7 35. Bb5 Bxb5 36. Nxb5+ Kc6 37. Nc3 b5 38. Kd2 Ba7 39. Kc2 f5 40. Kd2 g5 41. Ke2 d5 42. f3 d4 43. exd4 Bxd4 44. h3 h5 45. g4 hxg4 46. hxg4 fxg4 47. fxg4 Kb6 48. Kd2 Bxc3+ 49. Kxc3 Kc5 50. Kd2 Kd4 51. Ke2 e4 52. dxe4 Kxe4 53. Kd2 Kf4 54. Kc3 Kxg4 55. Kb4 Kf3 56. Kxb5 g4 57. Kxa4 g3 58. b4 g2 59. b5 g1Q 60. Ka5 Qa7+ 61. Kb4 Ke4 62. a4 Kd5 0-1